000 00483nam a22001697a 4500
005 20240228083604.0
008 240228b |||||||| |||| 00| 0 eng d
020 _a10233806
041 _aEnglish
082 _a349 BUT
100 _lEnglish
245 _aButterworhs Law Reports : Labour Law
260 _aDurban :
_bLexisNexis Butterworth,
_c2003
300 _bxix, 102 pages ;
_c25 cm.
650 _aLegal practice
_bLaw
942 _cBK
_6ALISON_BN_VRIES
999 _c1390
_d1390